|
|
|
|
| LEADER |
00000nab a2200000 ar4500 |
| 001 |
vtls008850264 |
| 003 |
SK-MaSNL |
| 005 |
20260303233005.0 |
| 008 |
060928c20060921xo wr|p|||||||000 b|slo |
| 015 |
|
|
|a SNBRBL2006/09
|2 snkbucl
|
| 038 |
|
|
|a SNKBUCL
|
| 040 |
|
|
|a SNKBUCL
|b slo
|c SNKBUCL
|e AACR2
|
| 041 |
0 |
|
|a slo
|
| 044 |
|
|
|a xo
|c SK
|
| 080 |
|
|
|a 796.342.071
|2 UDC-MRF-SK2
|
| 100 |
1 |
|
|a Lehoťan, Ivor,
|d 1966-
|4 ivr
|9 105454
|
| 245 |
1 |
0 |
|a "Bola spáchaná tenisová vražda!"
|b Beckovci tvrdia: ten, kto má na svedomí Karolov pozitívny dopingový nález, bol na jednom z tréningov v NTC pred semifinále s Argentínou
|c [zhováral sa] Ivor Lehoťan
|
| 300 |
|
|
|b Fotogr.
|
| 600 |
1 |
7 |
|a Beck, Karol,
|d 1982-
|2 snkbucl
|9 90565
|
| 650 |
0 |
7 |
|a tenis
|2 snkbucl
|9 3293
|
| 700 |
1 |
|
|a Beck, Karol,
|d 1982-
|4 ive
|9 90565
|
| 773 |
0 |
|
|t Šport
|g Roč. 60, č. 217 (21.9.2006), s. 31
|x 0139-7001
|
| 852 |
|
|
|a SNK
|b KIS3GCP
|
| 999 |
|
|
|c 2275021
|d 2276951
|